000
00292nam a22001217a 4500
020
_a
0-8094-6066-1
082
_a
004.16 UND'T
100
_a
TIME - LIFE
_9
57086
245
_a
UNDERSTANDING COMPUTERS THE PERSONAL COMPUTERS
260
_a
VIRGINIA
_b
TIME - LIFE
300
_a
128P
942
_c
BK
999
_c
567389
_d
567389